000 00768cpcaa22002297a 4500
001 mm 79003964
003 DLC
005 20260227111645.0
008 790731|||||||||||| eng
010 _amm 79003964
040 _aDLC
_cDLC
_edacs
_dDLC
072 7 _aW
_2lcmd
245 0 0 _aLeavenworth (Kan.) collection,
_f1858-1880.
300 _a31
_fitems.
506 0 _aOpen to research.
533 _aIn part, handwritten transcripts.
_b[S.l.].
546 _aCollection material in English.
580 _aForms part of: Miscellaneous Manuscripts collection.
651 0 _aLeavenworth (Kan.)
_xHistory.
999 _c41431
_d41431